Statistics for Footballers by Picture - Italy

Click here to take the quiz!

General Stats

  • This quiz has been taken 127 times
  • The average score is 14 of 20

Answer Stats

Answer% Correct
Gianluigi Buffon
100%
Andrea Pirlo
98%
Paolo Maldini
96%
Fabio Cannavaro
91%
Giorgio Chiellini
90%
Francesco Totti
89%
Roberto Baggio
88%
Alessandro Del Piero
82%
Daniele De Rossi
74%
Filippo Inzaghi
73%
Alessandro Nesta
72%
Leonardo Bonucci
72%
Franco Baresi
69%
Dino Zoff
66%
Christian Vieri
54%
Gianluca Zambrotta
52%
Luca Toni
40%
Giuseppe Meazza
37%
Paolo Rossi
36%
Gianluca Vialli
29%

Score Distribution

Percentile by Number Answered

Percent of People with Each Score

Your Score History

You have not taken this quiz